zpět

Detail výsledku týmu

Výčep Horoměřice, Horoměřice

Datum a čas kvízu

31 Celkem bodů Celkový počet nahraných bodů na tomto kvízu bez doplňovacích otázek.
2. Pořadí na kvízu Konečné umístění týmu na tomto kvízu.

Zaznamenané odpovědi

# Otázka Odpověď Body Výsledky
1. Grand Prix Architektů - Národn... v Jihomoravském kraji 1
2. Na počátku minulého týdne zača... Díválí/Diwali 0
3. V pátek byl v jednom českém kr... Ji.hlava 0
4. Počátkem týdne jsme se dozvědě... L’Oréal 0
5. Minulý týden proběhl v indonés... sportovní gymnastika 0
6. Dnešní zeměpisné téma otevírám... Golčův Jeníkov, Gmünd 0.5
7. Které z následujících tvrzení... C 1
8. V další otázce bude vaším úkol... 1C 2D 3B 4A 1
9. Napište název města obsahující... Nagasaki 1
10. V této koláži jsou spojené vla... Gruzie, Guatemala 1